Glacier man (Record no. 45396)

MARC details
000 -LEADER
fixed length control field 00322nam a2200121Ia 4500
100 ## - MAIN ENTRY--AUTHOR NAME
Personal name Vince Gaia
245 #0 - TITLE STATEMENT
Title Glacier man
260 ## - PUBLICATION, DISTRIBUTION, ETC. (IMPRINT)
Name of publisher Science
Year of publication 2009
300 ## - PHYSICAL DESCRIPTION
Number of Pages 659-661
520 ## - SUMMARY, ETC.
Summary, etc Articles bound received from Dr. James Jacob, Director(R), March 2010
942 ## - ADDED ENTRY ELEMENTS (KOHA)
Koha item type Reprints
Holdings
Withdrawn status Lost status Damaged status Not for loan Home library Current library Shelving location Date acquired Serial Enumeration / chronology Koha item type
      Reprints RRII Library RRII Library Climate change 22/12/2021 Volume 326, Issue 30-Oct Reprints